01024pam a2200193 a 4500020001500000082003200015245032500047260005200372300003200424526003700456650003800493650001300531650005800544650005300602710004600655942001200701999001900713952009800732 a087262626100a621.4832bEFFcL-NUST, P-1904aThe Effects of earthquakes on power and industrial facilities and implications for nuclear power plant design /cprepared by the Working Group on Past Behavior of the Committee on Dynamic Analysis of the Committee on Nuclear Structures and Materials of the Structural Division of the American Society of Civil Engineers. aNew York, N.Y. :bThe American Society,cc1987. av, 226 p. :bill. ;c22 cm. a0b0c0d621_483200000000000_EFF 0aEarthquake resistant design.9652 0aMCE9379 0aNuclear power plantsxDesign and construction.941928 0aNuclear power plantsxEarthquake effects.9363502 aAmerican Society of Civil Engineers.9702 2ddccBK c545948d545948 00102ddc4070aMCEbMCEd2014-05-30l0o621.4832 EFFpMCE-43974r2014-05-30w2014-05-30yBK